Meditations in green / (Record no. 975)

MARC details
000 -LEADER
fixed length control field 00435nam a2200157 4500
001 - CONTROL NUMBER
control field 1342
005 - DATE AND TIME OF LATEST TRANSACTION
control field 20181127163129.0
008 - FIXED-LENGTH DATA ELEMENTS--GENERAL INFORMATION
fixed length control field 830613s1983 nyu 00011 eng
010 ## - LIBRARY OF CONGRESS CONTROL NUMBER
LC control number 83011666
020 ## - INTERNATIONAL STANDARD BOOK NUMBER
International Standard Book Number 0684180103
100 10 - MAIN ENTRY--PERSONAL NAME
Personal name Wright, Stephen,
Dates associated with a name 1946-
245 10 - TITLE STATEMENT
Title Meditations in green /
Statement of responsibility, etc. Stephen Wright.
260 0# - PUBLICATION, DISTRIBUTION, ETC.
Place of publication, distribution, etc. New York :
Name of publisher, distributor, etc. C. Scribner's Sons,
Date of publication, distribution, etc. c1983.
300 ## - PHYSICAL DESCRIPTION
Extent 342 p. ;
Dimensions 22 cm.
650 #0 - SUBJECT ADDED ENTRY--TOPICAL TERM
Topical term or geographic name entry element Vietnam War, 1961-1975
General subdivision Fiction.
Holdings
Withdrawn status Lost status Source of classification or shelving scheme Damaged status Not for loan Collection code Home library Current library Shelving location Date acquired Serial Enumeration / chronology Inventory number Total Checkouts Full call number Barcode Date last seen Price effective from Koha item type
    Dewey Decimal Classification     Fiction RTC Library RTC Library Fiction 07/04/2022 1714   FIC 813.54 WRI 30001103 03/01/2022 27/11/2018 Fiction
Royal Thimphu College || All Right Reserved